Wakfu- Armand - Statistiques

Statistiques générales
  • Ce quiz a été pris 17 fois
  • Le résultat moyen est 13 sur 16
Statistiques - réponses
Questions Réponses % Correct
Quel est son âge au début de la série? 21 ans
100%
Quel est son âge lors de la saison 3 (actuellement la dernière)? 27 ans
100%
Quel est le nom du personnage? Armand de Sheram Sharn
100%
Soeur Princesse Amalia de Sheran Sharm
100%
Quelle est sa classe (son « espèce ») Sadida
100%
Dans qu’elle série apparaît-il? Wakfu
100%
Ennemis Saison 1 Noximilien
94%
Saison 3 Oropo
94%
Adamaï
88%
Épisode Spéciaux Ogrest
88%
Son travail Prince du royaume Sadida
81%
Sa famille Père Roi Sheran Sharm
81%
Mère Reine Sheran Sharm
63%
Femme Aurora
44%
Arme Ronces
31%
Aptitudes Contrôle de la nature
25%
Aucun quiz correspondant
Distribution des résultats
% des personnes avec chaque résultat
Percentile par nombre de réponses
Votre historique - résultats
Vous n’avez pas pris ce quiz